| 000 | 00587nam a2200217Ia 4500 | ||
|---|---|---|---|
| 003 | OSt | ||
| 005 | 20250521100747.0 | ||
| 008 | 220927b |||||||| |||| 00| 0 eng d | ||
| 020 | _a9780745341200 | ||
| 037 | _cTextual | ||
| 040 |
_aSDCL _cSDCL _beng |
||
| 041 |
_2eng _aeng |
||
| 084 | _aW643 R0 | ||
| 100 |
_aRenton, David _9401728 |
||
| 245 | 0 |
_aFascism : _bHistory and theory |
|
| 260 |
_aLondon : _bPluto Press, _c2020. |
||
| 300 | _a192p. | ||
| 650 | _aPolitical Science | ||
| 942 |
_cTEXL _2CC _n0 |
||
| 999 |
_c717591 _d717591 |
||